000 00216nam a22000857a 4500
008 160808b xxu||||| |||| 00| 0 eng d
100 _953
_aGoscinny R
245 _aAsterix Big Fight
260 _aUSA
_bOrion Publication
_c2004
999 _c2705
_d2705